| 000 | 00370nam a22001577a 4500 | ||
|---|---|---|---|
| 005 | 20251108172423.0 | ||
| 008 | 250721s1969 xx 000 0 eng d | ||
| 082 | 1 | 4 | _aR/923.154/PRO |
| 245 | 1 | 0 | _aProfiles of Gandhi / |
| 264 | 1 |
_adelhi : _bindiana book, _c1969. |
|
| 300 | _a236 p | ||
| 650 | 1 | 7 | _aIndia |
| 650 | 1 | 7 | _aBiographies |
| 942 |
_2ddc _cBK |
||
| 999 |
_c78848 _d78848 |
||